Druhý pokus Realit expo.
V júni 1993, súbežne s kontraktačno-predajným veľtrhom Manager '93, druhý veľtrh nehnuteľností Reality expo, účastníci, expozície. Budúci ročník bude v Bratislave.
Salvato in:
| Autore principale: | |
|---|---|
| Natura: | Capitolo di libro |
| Lingua: | slovacco |
| Soggetti: | |
| Tags: |
Nessun Tag, puoi essere il primo ad aggiungerne!!
|
MARC
| LEADER | 00000naa a2200000 4500 | ||
|---|---|---|---|
| 001 | r013579 | ||
| 005 | 20221213123354.3 | ||
| 041 | 0 | |a slo | |
| 044 | |a SK | ||
| 245 | 1 | 0 | |a Druhý pokus Realit expo. |c O. Brunovský |
| 520 | |a V júni 1993, súbežne s kontraktačno-predajným veľtrhom Manager '93, druhý veľtrh nehnuteľností Reality expo, účastníci, expozície. Budúci ročník bude v Bratislave. | ||
| 610 | 2 | 0 | |a Reality expo |
| 610 | 2 | 0 | |a nehnuteľnosti |
| 610 | 2 | 0 | |a veľtrhy |
| 610 | 2 | 0 | |a Trenčín |
| 610 | 2 | 0 | |a 1993 |
| 610 | 2 | 0 | |a kancelárie realitné |
| 100 | 1 | |a Brunovský, O. | |